LEADER 00917nam a2200205 i 4500 001 000000005968 003 CaOOAMICUS 005 20180830125438.0 008 180830s1857 fr u000 u und u 040 $aSeMil$bita 100 1 $aHaulleville, Prosper Charles Alexandre : de.$0(OLS)http://semarc/name/89544 245 10$aHistoire des communes lombardes depuis leur origine jusqu'à la fin du 13. siècle /$cpar m. Prosper de Haulleville. 260 $aParis :$bDidier,$c1857-1858. 300 $a2 v. ;$c25 cm. 650 4$aLombardia - Storia - Medioevo.$0(OLS)http://semarc/subject/8306 650 4$aLombardia - Storia - Comuni.$0(OLS)http://semarc/subject/44690 774 0 $t1.$g1$w()252664 774 0 $t2.$g2$w()252665 996 $6245$aHistoire des communes lombardes depuis leur origine jusqu'à la fin du 13. siècle$9(OLS)http://semarc/title/400924 996 $6260$aParis :$bDidier$9(OLS)http://semarc/publisher/31728 LEADER 00783nas a2200169 i 4500 001 000000018410 003 CaOOAMICUS 005 20180830125444.0 008 180830n it u0 ita u 040 $aSeMil$bita 245 10$aBiblioteca storica /$cfondata da Adolfo Omodeo. 260 $aMilano :$bISPI, Istituto per gli studi di politica internazionale,$c[19--?] 300 $av. ;$c21 cm. 700 1 $aOmodeo, Adolfo,$d<1889-1946>.$0(OLS)http://semarc/name/5560 774 0 $tBiblioteca storica. Introduzioni e manuali.$dMilano : ISPI, Istituto per gli studi di politica internazionale, [19--?]$w()18411 996 $6245$aBiblioteca storica$9(OLS)http://semarc/title/14182 996 $6260$aMilano :$bISPI, Istituto per gli studi di politica internazionale$9(OLS)http://semarc/publisher/56072